زهور الحب و ثماره / (رقم التسجيلة. 2)
[ عرض عادي ]
| 000 -LEADER | |
|---|---|
| fixed length control field | 00474nam a22001697a 4500 |
| 003 - CONTROL NUMBER IDENTIFIER | |
| control field | JO-AmGAM |
| 005 - DATE AND TIME OF LATEST TRANSACTION | |
| control field | 20251108163329.0 |
| 008 - FIXED-LENGTH DATA ELEMENTS--GENERAL INFORMATION | |
| fixed length control field | 250721s1973 xx 000 0 ara d |
| 082 14 - DEWEY DECIMAL CLASSIFICATION NUMBER | |
| Classification number | 157/إحس |
| 100 1# - MAIN ENTRY--PERSONAL NAME | |
| Personal name | النمر، إحسان |
| 245 10 - TITLE STATEMENT | |
| Title | زهور الحب و ثماره / |
| 264 ## - PRODUCTION, PUBLICATION, DISTRIBUTION, MANUFACTURE, AND COPYRIGHT NOTICE | |
| Place of production, publication, distribution, manufacture | نابلس : |
| Name of producer, publisher, distributor, manufacturer | مطبعة جمعية عمال المطابع التعاونية، |
| Date of production, publication, distribution, manufacture, or copyright notice | 1973. |
| 300 ## - PHYSICAL DESCRIPTION | |
| Extent | 267ص |
| 650 17 - SUBJECT ADDED ENTRY--TOPICAL TERM | |
| Topical term or geographic name as entry element | الحب (عواطف) |
| 942 ## - ADDED ENTRY ELEMENTS (KOHA) | |
| Source of classification or shelving scheme | Dewey Decimal Classification |
| Koha item type | كتب |
| حالة السحب | حالة الفقدان | مصدر التصنيف | حالة التلف | غير قابل للإعارة | المكتبة الرئيسية | المكتبة الحالية | موقع الرف | تاريخ التزويد | الرقم المتسلسل | Total Checkouts | رقم الإستدعاء | الباركود | تاريخ آخر ظهور | تاريخ آخر استعارة | تاريخ الفاتورة | نوع المادة (كوها) |
|---|---|---|---|---|---|---|---|---|---|---|---|---|---|---|---|---|
| Dewey Decimal Classification | المكتبة المركزية | المكتبة المركزية | الإعارة | 07/07/2004 | 62910 | 3 | 157/إحس | 62910 | 03/11/2025 | 03/11/2025 | 07/07/2004 | كتب |